|
|
|
|
| LEADER |
01151nam a2200361 4500 |
| 001 |
DLU090097816 |
| 005 |
##20091201 |
| 040 |
# |
# |
|a DLU
|b eng
|
| 041 |
# |
# |
|a eng
|
| 044 |
# |
# |
|a us
|
| 245 |
# |
# |
|a Detection of human immunoglobulin in microchip and conventional capillary electrophoresis with contactless conductivity measurements /
|c Eva M. Abad-Villar ... [et al.].
|
| 653 |
# |
# |
|a Antibody
|
| 653 |
# |
# |
|a Capacitive coupling
|
| 653 |
# |
# |
|a Capillary electrophoresis
|
| 653 |
# |
# |
|a Conductometry
|
| 653 |
# |
# |
|a Detection limit
|
| 653 |
# |
# |
|a Immunological method
|
| 653 |
# |
# |
|a Microtiter plate
|
| 700 |
# |
# |
|a Abad-Villar, Eva M.
|
| 700 |
# |
# |
|a Costa-Garcia, Agustin.
|
| 700 |
# |
# |
|a Fernandez-Abedul, M. Teresa.
|
| 700 |
# |
# |
|a Hauser, Peter C.
|
| 700 |
# |
# |
|a Tanyanyiwa, Jatisai.
|
| 773 |
# |
# |
|t Analytical Chemistry
|g Vol. 76, no. 5 (March 2004), p. 1282-1288
|
| 920 |
# |
# |
|a Phòng Tạp chí -- Trung tâm Thông tin - Thư viện Trường Đại học Đà Lạt
|
| 994 |
# |
# |
|a DLU
|
| 900 |
# |
# |
|a True
|
| 911 |
# |
# |
|a Trương Bảo Trâm Anh
|
| 925 |
# |
# |
|a G
|
| 926 |
# |
# |
|a A
|
| 927 |
# |
# |
|a BB
|
| 980 |
# |
# |
|a Thư viện Trường Đại học Đà Lạt
|